Jeziora świata - Statystyki

Ogólne statystyki
  • Ten quiz został rozwiązany 46 razy
  • Średni wynik to 2 z 55
Statystyki odpowiedzi
Hint Odpowiedź % Poprawnych
Reliktowe2 Aralskie
61%
Tektoniczne3 Bajkał
13%
Deltowe2 Druzno
13%
Reliktowe1 Kaspijskie
13%
Meteorytowe3 Czystej wody
11%
Deltowe1 Dąbie
8%
Krasowe3 Plitwickie
8%
Tektoniczne1 Balaton
5%
Tektoniczno
Eoliczne2
Czad
5%
Meteorytowe5 Morasko
5%
Wulkaniczne2 Albano
3%
Tektoniczne7 Bałchasz
3%
Wulkaniczne3 Bolsena
3%
Wulkaniczne1 Crater lake
3%
Polodowcowe
Cyrkowe1
Czarny staw
3%
Zakolowe1 Czerniakowskie
3%
Tektoniczne
Polodowcowe7
Erie
3%
Sztuczne2 Goczałkowskie
3%
Polodowcowe
rynne3
Gopło
3%
Tektoniczne
Polodowcowe6
Huron
3%
Polodowcowe
rynne2
Jeziorak
3%
Meteorytowe2 Kaali
3%
Krasowe4 Krasne
3%
Polodowcowe
rynnowe
morenowe5
Maggiore
3%
Meteorytowe4 Maincougan
3%
Tektoniczne8 Martwe
3%
Tektoniczne
Polodowcowe5
Michigan
3%
Polodowcowe
Górskie
Morenowe1
Morskie oko
3%
Polodowcowe
rynnowe
morenowe3
Niegocin
3%
Tektoniczne
Polodowcowe2
Onega
3%
Krasowe2 Piaseczno
3%
Polodowcowe
rynne4
Raduńskie
3%
Tektoniczne2 Titicaca
3%
Polodowcowe
Cyrkowe2
Wielki staw
3%
Krasowe1 Bikcze
0%
Polodowcowe
Górskie
Morenowe2
Como
0%
Tektoniczno
Eoliczne1
Eyre
0%
Tektoniczne
Polodowcowe3
Górne
0%
Polodowcowe
rynne1
Hańcza
0%
Sztuczne1 Kariba
0%
Tektoniczne
Polodowcowe1
Ładoga
0%
Polodowcowe
rynnowe
morenowe1
Mamry
0%
Sztuczne3 Nasera
0%
Tektoniczne5 Niasa
0%
Tektoniczne
Polodowcowe8
Ontario
0%
Polodowcowe
rynnowe
morenowe2
Śniardwy
0%
Tektoniczne6 Tanganika
0%
Wydmowe Teke
0%
Meteorytowe1 Ungava
0%
Zakolowe2 Warciska
0%
Tektoniczne
Polodowcowe9
Wielkie Jezioro
Niedźwiedzie
0%
Tektoniczne
Polodowcowe10
Wielkie Jezioro
Niewolnicze
0%
Polodowcowe
rynnowe
morenowe4
Wielmie
0%
Tektoniczne4 Wiktorii
0%
Tektoniczne
Polodowcowe4
Winnipeg
0%
Nie znaleziono quizów pasujących do podanych kryteriów
Rozkład punktacji
Procent ludzi z każdym wynikiem
Percentyl według liczby udzielonych odpowiedzi
Twoja historia wyników
Nie rozwiązałeś tego quizu